[Event "European Youth Chess Championship B16"]
[Site "Prague, Top Hotel Prague"]
[Date "2016.08.24"]
[Round "6.61"]
[White "Solc, Filip"]
[Black "Havelka, Jonas"]
[Result "1-0"]
[WhiteElo "1915"]
[BlackElo "1624"]
[PlyCount "115"]
[EventDate "2016.08.18"]

1. e4 e5 2. Nf3 Nf6 3. Nxe5 d6 4. Nf3 Nxe4 5. Nc3 Nxc3 6. dxc3 Bg4 7. Be3 Nc6
8. Be2 Be7 9. Qd2 Qd7 10. h3 Bf5 11. O-O-O Bf6 12. Nd4 Bg6 13. g4 Nxd4 14. Bxd4
Qa4 15. Bxf6 gxf6 16. Kb1 O-O-O 17. Bd3 Rhe8 18. Rhe1 Re5 19. b3 Qc6 20. f4
Rxe1 21. Rxe1 f5 22. gxf5 Bh5 23. Be4 d5 24. Bg2 Qf6 25. Re5 c6 26. Qd4 Qg7 27.
Rxd5 Qxd4 28. Rxd4 Rg8 29. Be4 Rg3 30. Rd3 Rg1+ 31. Kb2 Rf1 32. Rg3 Rxf4 33.
Bd3 Rf3 34. Rg7 Rxh3 35. Rxh7 Kd8 36. f6 Rxd3 37. cxd3 Bg6 38. Rh8+ Kd7 39. Rb8
Kc7 40. Re8 c5 41. Re7+ Kc6 42. Kc2 a6 43. Kd2 b5 44. Ke3 a5 45. a3 b4 46. cxb4
axb4 47. axb4 cxb4 48. Kd4 Kb6 49. Kc4 Kc6 50. Kxb4 Kd5 51. Ka5 Kd4 52. b4 Kxd3
53. b5 Kc3 54. b6 Kb3 55. b7 Ka3 56. b8=Q Ka2 57. Re2+ Ka1 58. Qb2# 1-0

[Event "European Youth Chess Championship B16"]
[Site "Prague, Top Hotel Prague"]
[Date "2016.08.24"]
[Round "6.62"]
[White "Temmerman, Sander"]
[Black "Seibt, Sascha"]
[Result "0-1"]
[WhiteElo "1659"]
[BlackElo "1847"]
[PlyCount "68"]
[EventDate "2016.08.18"]

1. e4 e6 2. d4 d5 3. exd5 exd5 4. Bd3 Bd6 5. Ne2 Bg4 6. h3 Bh5 7. Nbc3 Nf6 8.
Bg5 c6 9. Qd2 O-O 10. O-O-O Nbd7 11. Rde1 Bg6 12. Bf4 Nb6 13. g4 Nc4 14. Bxc4
dxc4 15. f3 Nd5 16. Nxd5 cxd5 17. h4 h6 18. Bxd6 Qxd6 19. f4 Be4 20. Rh2 Rfe8
21. Nc3 Bf3 22. Rg1 Qd7 23. g5 h5 24. Qf2 Bg4 25. Qg2 Rad8 26. Rhh1 b5 27. Re1
Rxe1+ 28. Rxe1 b4 29. Nd1 Qa4 30. Kb1 b3 31. Nc3 bxa2+ 32. Nxa2 Rb8 33. c3 Bf5+
34. Ka1 Bc2 0-1

[Event "European Youth Chess Championship B16"]
[Site "Prague, Top Hotel Prague"]
[Date "2016.08.24"]
[Round "6.63"]
[White "Dabos, Doukas Ioannis"]
[Black "Stastny, Petr"]
[Result "1-0"]
[WhiteElo "1815"]
[BlackElo "1476"]
[PlyCount "51"]
[EventDate "2016.08.18"]

1. d4 Nf6 2. Nf3 e6 3. e3 c5 4. Bd3 d5 5. b3 Nc6 6. Bb2 Bd6 7. dxc5 Bxc5 8. O-O
O-O 9. Nbd2 Re8 10. c4 b6 11. cxd5 Nxd5 12. Nc4 f6 13. Nd4 Nxd4 14. exd4 Be7
15. Qh5 h6 16. Bc1 f5 17. Ne5 Bf6 18. Qf7+ Kh8 19. Bb5 Rg8 20. Qh5 Bxe5 21.
dxe5 Kh7 22. g4 Nc3 23. g5 Qc7 24. g6+ Kh8 25. Bxh6 Rd8 26. Bg5+ 1-0

[Event "European Youth Chess Championship B16"]
[Site "Prague, Top Hotel Prague"]
[Date "2016.08.24"]
[Round "6.64"]
[White "Pasha, Tariq"]
[Black "Fleri, Matthew"]
[Result "1-0"]
[WhiteElo "1756"]
[BlackElo "1276"]
[PlyCount "83"]
[EventDate "2016.08.18"]

1. d4 f5 2. Nf3 Nf6 3. g3 d6 4. Bg2 c6 5. O-O Be6 6. b3 g6 7. Ng5 Bg8 8. Bb2 h6
9. Nf3 Bg7 10. c4 Nbd7 11. Re1 Bf7 12. Nfd2 O-O 13. f3 e5 14. e3 Re8 15. Nc3
Qb6 16. Na4 Qc7 17. Qc2 a6 18. Rad1 b5 19. Nc3 a5 20. Ne2 Qb6 21. Kh1 Kh7 22.
Qd3 d5 23. cxd5 Nxd5 24. Nf1 Nb4 25. Qd2 Nxa2 26. dxe5 Rad8 27. Bd4 c5 28. e6
Bxe6 29. Bxg7 Nf6 30. Qxa2 Kxg7 31. Nf4 Bg8 32. Qb2 Rb8 33. e4 c4 34. e5 Nh5
35. Rd6 Qc5 36. Nxh5+ gxh5 37. Qc1 Re6 38. Qc3 Kh7 39. Rd7+ Kh8 40. f4 Qa3 41.
Bd5 Ree8 42. e6# 1-0

[Event "European Youth Chess Championship B16"]
[Site "Prague, Top Hotel Prague"]
[Date "2016.08.24"]
[Round "6.65"]
[White "Mouthuy, Jacky-Long"]
[Black "Nemec, Jakub"]
[Result "0-1"]
[WhiteElo "1564"]
[BlackElo "1563"]
[PlyCount "48"]
[EventDate "2016.08.18"]

1. e4 c5 2. c3 d5 3. exd5 Qxd5 4. d4 Nc6 5. Nf3 Bg4 6. Be2 e6 7. Be3 cxd4 8.
cxd4 Nf6 9. Nc3 Qd6 10. O-O Be7 11. Nb5 Qb8 12. Qc1 Nd5 13. Bg5 O-O 14. Bxe7
Ndxe7 15. Qg5 Bxf3 16. Bxf3 a6 17. Nc3 h6 18. Qc5 Rd8 19. d5 exd5 20. Nxd5 Nxd5
21. Bxd5 Qe5 22. Rfd1 Rd7 23. Bxf7+ Rxf7 24. f3 Qxc5+ 0-1

[Event "European Youth Chess Championship B16"]
[Site "Prague, Top Hotel Prague"]
[Date "2016.08.25"]
[Round "7.1"]
[White "Sorokin, Aleksey"]
[Black "Hakobyan, Aram"]
[Result "1/2-1/2"]
[WhiteElo "2425"]
[BlackElo "2404"]
[PlyCount "82"]
[EventDate "2016.08.18"]

1. d4 Nf6 2. c4 e6 3. Nf3 b6 4. a3 Ba6 5. Qc2 Bb7 6. Nc3 c5 7. e4 cxd4 8. Nxd4
Bc5 9. Nb3 Nc6 10. Bg5 h6 11. Bh4 Nd4 12. Nxd4 Bxd4 13. Bd3 Be5 14. Bg3 d6 15.
Bxe5 dxe5 16. O-O-O O-O 17. Qe2 Qe7 18. g4 Rfd8 19. h4 g6 20. Rhf1 Nd7 21. h5
g5 22. Kb1 Nb8 23. Qe3 Nc6 24. Be2 Ba6 25. Rxd8+ Rxd8 26. Rd1 Nd4 27. Bf1 Qc5
28. Qg3 f6 29. b4 Qc7 30. Qd3 Rc8 31. b5 Bb7 32. Ne2 Rd8 33. f3 Qc5 34. Qc3 Kf7
35. Qb4 Ke7 36. Nxd4 exd4 37. Kc2 Rd6 38. Qxc5 bxc5 39. a4 f5 40. Bd3 fxg4 41.
fxg4 e5 1/2-1/2

[Event "European Youth Chess Championship B16"]
[Site "Prague, Top Hotel Prague"]
[Date "2016.08.25"]
[Round "7.2"]
[White "Macovei, Andrei"]
[Black "Fakhrutdinov, Timur"]
[Result "1/2-1/2"]
[WhiteElo "2382"]
[BlackElo "2375"]
[PlyCount "124"]
[EventDate "2016.08.18"]

1. e4 c5 2. Nf3 d6 3. d4 cxd4 4. Nxd4 Nf6 5. Nc3 a6 6. Be3 e6 7. Qd2 b5 8. f3
Nbd7 9. g4 b4 10. Na4 h6 11. O-O-O Ne5 12. Nb3 Rb8 13. Nd4 Bd7 14. b3 Bxa4 15.
bxa4 Qa5 16. h4 Qxa4 17. Kb1 Be7 18. Rg1 Nxf3 19. Nxf3 Nxe4 20. Qd3 Nc3+ 21.
Kc1 Nxd1 22. Kxd1 Qxa2 23. Nd4 Qa1+ 24. Ke2 Qc3 25. Qxa6 O-O 26. Nc6 Rbe8 27.
Nxe7+ Rxe7 28. Qxd6 Qxc2+ 29. Kf3 Rb7 30. Bd3 Qc7 31. Bh7+ Kxh7 32. Qxf8 Qc6+
33. Kf2 Qc2+ 34. Kf3 Qc6+ 35. Kf2 Qe4 36. Qd6 b3 37. Qd1 f5 38. Qf3 Qc2+ 39.
Kg3 Qc7+ 40. Qf4 Qxf4+ 41. Bxf4 b2 42. Rb1 Rb3+ 43. Kg2 Rb4 44. Kg3 g5 45. hxg5
hxg5 46. Be5 Rxg4+ 47. Kf3 Re4 48. Bxb2 Rb4 49. Rh1+ Kg6 50. Ba1 g4+ 51. Kg2
Ra4 52. Re1 Ra2+ 53. Kg3 Kg5 54. Be5 Ra3+ 55. Kg2 Ra2+ 56. Kg3 Ra4 57. Bd6 f4+
58. Bxf4+ Rxf4 59. Rxe6 Rf3+ 60. Kg2 Rf5 61. Kg3 Ra5 62. Re3 Rb5 1/2-1/2

[Event "European Youth Chess Championship B16"]
[Site "Prague, Top Hotel Prague"]
[Date "2016.08.25"]
[Round "7.3"]
[White "Costachi, Mihnea"]
[Black "Petrov, Martin"]
[Result "0-1"]
[WhiteElo "2416"]
[BlackElo "2446"]
[PlyCount "94"]
[EventDate "2016.08.18"]

1. d4 Nf6 2. c4 e6 3. Nf3 b6 4. g3 Ba6 5. Qc2 c5 6. d5 exd5 7. cxd5 Bb7 8. Bg2
Nxd5 9. O-O Nc6 10. Rd1 Be7 11. Qa4 Nf6 12. Nh4 g6 13. Bh6 Qc8 14. Na3 Nd4 15.
Rxd4 Bxg2 16. Nxg2 cxd4 17. Nb5 Qc6 18. Rc1 Bc5 19. Bg7 Rg8 20. Bxf6 a6 21.
Nc7+ Qxc7 22. b4 Qd6 23. Bg5 Qd5 24. h4 Bd6 25. e4 Qb5 26. Qc2 f6 27. Bxf6 d3
28. Qb3 Rf8 29. Bg5 Bxb4 30. a4 Qa5 31. Qxd3 Bc5 32. Nf4 Qxa4 33. Rd1 Qc6 34.
e5 a5 35. h5 Rxf4 36. Bxf4 a4 37. hxg6 hxg6 38. e6 Qxe6 39. Qc3 Kf7 40. Re1 Qd5
41. Bh6 Bd4 42. Qa3 Bf6 43. Re3 Rh8 44. Rd3 Qe6 45. Re3 Qc4 46. Bf4 Qd5 47. Rf3
Qd1+ 0-1

[Event "European Youth Chess Championship B16"]
[Site "Prague, Top Hotel Prague"]
[Date "2016.08.25"]
[Round "7.4"]
[White "Kevlishvili, Robby"]
[Black "Janik, Igor"]
[Result "0-1"]
[WhiteElo "2409"]
[BlackElo "2303"]
[PlyCount "154"]
[EventDate "2016.08.18"]

1. e4 c5 2. Nf3 Nc6 3. d4 cxd4 4. Nxd4 Nf6 5. Nc3 g6 6. Nxc6 bxc6 7. e5 Nh5 8.
Be2 Ng7 9. O-O Ne6 10. Be3 Bg7 11. f4 Rb8 12. Rb1 d5 13. exd6 Qxd6 14. Qe1 Bd4
15. Qf2 Bxe3 16. Qxe3 Qd4 17. Qxd4 Nxd4 18. Bd3 Bf5 19. Bxf5 Nxf5 20. Kf2 Rb4
21. Ne2 Ra4 22. a3 Kd7 23. Rfd1+ Kc7 24. Rd3 Rd8 25. Rxd8 Kxd8 26. Rd1+ Kc7 27.
Rd3 Rc4 28. c3 Nd6 29. Kf3 Rc5 30. b3 Ra5 31. a4 e5 32. fxe5 Rxe5 33. Re3 Rf5+
34. Kg3 Rg5+ 35. Kf2 Rf5+ 36. Ke1 Kd7 37. Nd4 Rd5 38. Nf3 f6 39. Ke2 c5 40. Nd2
f5 41. c4 Rd4 42. Re5 Nb7 43. Nf3 Rd6 44. Ng5 h6 45. Nh7 Kc6 46. Re7 a6 47. Nf8
Na5 48. Rg7 g5 49. Ng6 Re6+ 50. Kd3 f4 51. Ne7+ Kd6 52. Nd5 Nxb3 53. Rb7 Nd4
54. Ra7 Ke5 55. a5 Nb3 56. Nb6 Nxa5 57. Rxa6 Nc6 58. Nd7+ Kf5 59. Kc3 h5 60.
Nxc5 Re3+ 61. Kd2 Ne5 62. Ra4 h4 63. Nb7 h3 64. gxh3 Rxh3 65. Nd6+ Ke6 66. Ne4
Rxh2+ 67. Ke1 Nf3+ 68. Kf1 g4 69. Ra6+ Kf5 70. Nd6+ Ke5 71. Nf7+ Kd4 72. Rd6+
Ke4 73. Re6+ Kf5 74. Re8 g3 75. Nd6+ Kg6 76. Rg8+ Kh7 77. Rg4 Rf2# 0-1

[Event "European Youth Chess Championship B16"]
[Site "Prague, Top Hotel Prague"]
[Date "2016.08.25"]
[Round "7.5"]
[White "Giannoulakis, Lampros"]
[Black "Nikitenko, Mihail"]
[Result "0-1"]
[WhiteElo "2317"]
[BlackElo "2394"]
[PlyCount "94"]
[EventDate "2016.08.18"]

1. d4 d5 2. c4 c6 3. cxd5 cxd5 4. Bf4 Nc6 5. e3 Nf6 6. Nc3 e6 7. Bd3 Be7 8. h3
Bd7 9. Nf3 O-O 10. Ne5 Qb6 11. Qe2 Rfc8 12. O-O Be8 13. Rac1 Qd8 14. Rfd1 a6
15. Nxc6 Rxc6 16. f3 Rac8 17. Qf2 h6 18. e4 Nh5 19. Be3 Bh4 20. Qd2 Ng3 21. Ne2
dxe4 22. fxe4 Rxc1 23. Rxc1 Rxc1+ 24. Qxc1 Bc6 25. Nxg3 Bxg3 26. Qd2 Bb8 27.
Bc2 Qd6 28. a4 h5 29. Qd3 g6 30. Bf2 Qf4 31. Qe3 Qc7 32. Qd3 Qd6 33. Kf1 b5 34.
b3 Bb7 35. Kg1 bxa4 36. bxa4 a5 37. g3 h4 38. Kh2 Bxe4 39. Qxe4 hxg3+ 40. Kg2
gxf2 41. Kxf2 Qg3+ 42. Ke2 Qh2+ 43. Kd3 Qxh3+ 44. Kc4 Qf1+ 45. Kc5 Qa6 46. Qc6
Ba7+ 47. Kd6 Qxc6+ 0-1

[Event "European Youth Chess Championship B16"]
[Site "Prague, Top Hotel Prague"]
[Date "2016.08.25"]
[Round "7.6"]
[White "Radovanovic, Mihajlo"]
[Black "Mesaros, Florian"]
[Result "0-1"]
[WhiteElo "2374"]
[BlackElo "2270"]
[PlyCount "84"]
[EventDate "2016.08.18"]

1. c4 Nf6 2. Nf3 e6 3. g3 d5 4. Bg2 dxc4 5. Qa4+ Bd7 6. Qxc4 c5 7. d4 Nc6 8.
O-O b5 9. Qc2 cxd4 10. Qd1 Bc5 11. b4 Nxb4 12. Nbd2 d3 13. Nb3 Be7 14. exd3 O-O
15. d4 Bc6 16. a3 Bxf3 17. Bxf3 Nbd5 18. Qd3 Qd7 19. Bd2 Rac8 20. Rfb1 a6 21.
Ra2 Nb6 22. Na5 Nfd5 23. Be4 g6 24. Nb3 Nc4 25. Bh6 Rfd8 26. Rc1 a5 27. h4 Nf6
28. a4 Nxe4 29. Qxe4 bxa4 30. Nc5 Qxd4 31. Rxc4 Qxe4 32. Rxe4 Bxc5 33. Raxa4
Bb4 34. Ra2 Rc6 35. Kg2 f6 36. Ree2 Kf7 37. Be3 e5 38. f3 Rd3 39. Bf2 Rcd6 40.
Rec2 Rd2 41. Rc7+ Rd7 42. Rac2 Rxc2 0-1

[Event "European Youth Chess Championship B16"]
[Site "Prague, Top Hotel Prague"]
[Date "2016.08.25"]
[Round "7.7"]
[White "Lazov, Toni"]
[Black "Warmerdam, Max"]
[Result "1/2-1/2"]
[WhiteElo "2297"]
[BlackElo "2372"]
[PlyCount "90"]
[EventDate "2016.08.18"]

1. e4 c5 2. Nf3 d6 3. d4 cxd4 4. Nxd4 Nf6 5. Nc3 a6 6. h3 e6 7. g4 h6 8. Be3
Be7 9. Bg2 Nc6 10. O-O O-O 11. Qd2 Nd7 12. a4 Nde5 13. b3 Bd7 14. Nde2 Ng6 15.
f4 Rc8 16. Rad1 Nh4 17. Bh1 Nb4 18. e5 d5 19. Rc1 Qc7 20. Bd4 Bc5 21. Nd1 Bxd4+
22. Nxd4 Na2 23. Ra1 Nc3 24. Nxc3 Qxc3 25. Qxc3 Rxc3 26. Kh2 Rfc8 27. Rae1 Ng6
28. Re2 Ne7 29. Rf3 Rxf3 30. Bxf3 Rc3 31. Rd2 Nc6 32. Bd1 Nxd4 33. Rxd4 b5 34.
a5 Re3 35. Rd3 Re1 36. c4 bxc4 37. bxc4 g5 38. fxg5 hxg5 39. cxd5 Rxe5 40. Bf3
exd5 41. Rxd5 Rxd5 42. Bxd5 Bb5 43. h4 gxh4 44. Kh3 Kg7 45. Kxh4 f6 1/2-1/2

[Event "European Youth Chess Championship B16"]
[Site "Prague, Top Hotel Prague"]
[Date "2016.08.25"]
[Round "7.8"]
[White "Drori, Saar"]
[Black "Risting, Eivind Olav"]
[Result "1-0"]
[WhiteElo "2290"]
[BlackElo "2347"]
[PlyCount "77"]
[EventDate "2016.08.18"]

1. e4 e6 2. d4 d5 3. Nd2 a6 4. Bd3 c5 5. dxc5 Bxc5 6. Ngf3 Nf6 7. O-O O-O 8. e5
Nfd7 9. Nb3 Be7 10. Re1 Nc6 11. c3 Qc7 12. Bf4 Re8 13. Qd2 Nf8 14. h4 Qd8 15.
h5 f6 16. h6 g6 17. exf6 Bxf6 18. Nbd4 Bd7 19. Re2 Nxd4 20. cxd4 Qb6 21. Be5
Be7 22. Qf4 Rac8 23. Rae1 Rc6 24. Bb8 Rxb8 25. Qe5 Kf7 26. Qf4+ Kg8 27. Ne5 Be8
28. Nxc6 Bxc6 29. Qxb8 Qxd4 30. Rxe6 Bc5 31. R6e3 Qxb2 32. Rf3 Qd2 33. Qe5 Qxh6
34. Qf6 Qd2 35. Qf7+ Kh8 36. Re7 Qc1+ 37. Bf1 Bxe7 38. Qxe7 Nd7 39. Rf7 1-0

[Event "European Youth Chess Championship B16"]
[Site "Prague, Top Hotel Prague"]
[Date "2016.08.25"]
[Round "7.9"]
[White "Gokerkan, Cem Kaan"]
[Black "Tuncer, Tuna"]
[Result "1/2-1/2"]
[WhiteElo "2371"]
[BlackElo "2263"]
[PlyCount "94"]
[EventDate "2016.08.18"]

1. Nf3 d5 2. g3 c6 3. Bg2 Bg4 4. b3 Nd7 5. Bb2 Ngf6 6. O-O e6 7. d3 Bd6 8. Nbd2
O-O 9. h3 Bxf3 10. Bxf3 a6 11. Bg2 Qe7 12. a4 b5 13. e4 Rfc8 14. Re1 dxe4 15.
Nxe4 Nxe4 16. Rxe4 Nf6 17. Re2 Ra7 18. Ra2 b4 19. Ra1 Rd7 20. Re1 Bc5 21. Re5
Bd4 22. Bxd4 Rxd4 23. Qd2 Qd6 24. Rae1 c5 25. Qe2 Rd8 26. Qf3 Nd7 27. R5e2 Nf6
28. Re3 Kf8 29. Re5 Rd5 30. R5e2 Rd4 31. Qe3 Nd5 32. Qc1 Ne7 33. Be4 Kg8 34.
Qg5 Nd5 35. Bg2 Nf6 36. Qe3 Kf8 37. f4 Nd5 38. Qf3 Ne7 39. Re5 Rc8 40. Qb7 Rd8
41. Qa7 Nd5 42. Bxd5 Rxd5 43. Qb7 Rd7 44. Rxd5 exd5 45. Qc8+ Rd8 46. Qf5 Qg6
47. Qxg6 hxg6 1/2-1/2

[Event "European Youth Chess Championship B16"]
[Site "Prague, Top Hotel Prague"]
[Date "2016.08.25"]
[Round "7.10"]
[White "Lopez, Mulet Inigo"]
[Black "Anaskin, Arsenij"]
[Result "0-1"]
[WhiteElo "2343"]
[BlackElo "2054"]
[PlyCount "72"]
[EventDate "2016.08.18"]

1. d4 Nf6 2. c4 g6 3. g3 Bg7 4. Bg2 O-O 5. Nc3 d6 6. Nf3 Nc6 7. O-O Bg4 8. h3
Bd7 9. e4 e5 10. d5 Ne7 11. Ne1 Ne8 12. Nd3 f5 13. f4 exf4 14. Bxf4 fxe4 15.
Nxe4 Nf6 16. Nxf6+ Bxf6 17. g4 g5 18. Bd2 Ng6 19. Qb3 Rb8 20. c5 a6 21. a4 Qe8
22. Rfe1 Qf7 23. Qb4 Nh4 24. Be4 Rbe8 25. Rf1 Qg7 26. Bc3 Bxc3 27. bxc3 a5 28.
Qc4 Rxf1+ 29. Rxf1 h5 30. c6 Bc8 31. Bf5 Bxf5 32. gxf5 Qe7 33. cxb7 Qe3+ 34.
Kh2 Nf3+ 35. Kh1 Nd2 36. f6 Qxh3+ 0-1

[Event "European Youth Chess Championship B16"]
[Site "Prague, Top Hotel Prague"]
[Date "2016.08.25"]
[Round "7.11"]
[White "Haug, Johannes"]
[Black "Plazuelo, Pascual Juan"]
[Result "1/2-1/2"]
[WhiteElo "2305"]
[BlackElo "2256"]
[PlyCount "66"]
[EventDate "2016.08.18"]

1. e4 e6 2. d4 d5 3. Nc3 Nf6 4. e5 Nfd7 5. f4 c5 6. Nf3 Be7 7. Be3 b6 8. Qd2
O-O 9. Nd1 a5 10. Bb5 a4 11. a3 cxd4 12. Nxd4 Nc5 13. Nf2 Qc7 14. O-O Ba6 15.
Bxa6 Nbxa6 16. Rae1 Qd7 17. Nd3 Ne4 18. Qd1 g6 19. Qg4 Nc7 20. Re2 Kh8 21. Qh3
Nb5 22. Rf3 Nxd4 23. Bxd4 Bc5 24. Bxc5 bxc5 25. Qh4 Rg8 26. Nf2 Nxf2 27. Qxf2
Qe7 28. Rc3 Rgc8 29. Rh3 Rab8 30. c3 Rb3 31. Rd2 Rcb8 32. Re3 R3b7 33. Ree2 Qc7
1/2-1/2

[Event "European Youth Chess Championship B16"]
[Site "Prague, Top Hotel Prague"]
[Date "2016.08.25"]
[Round "7.12"]
[White "Abishli, Oghuz"]
[Black "Askerov, Marat"]
[Result "0-1"]
[WhiteElo "2120"]
[BlackElo "2302"]
[PlyCount "92"]
[EventDate "2016.08.18"]

1. d4 Nf6 2. Nf3 e6 3. c4 Bb4+ 4. Bd2 c5 5. g3 Bxd2+ 6. Qxd2 Ne4 7. Qc2 Qa5+ 8.
Nbd2 Nxd2 9. Qxd2 Qxd2+ 10. Kxd2 b6 11. Bg2 Bb7 12. e3 d6 13. Rhd1 Nd7 14. Ke1
Ke7 15. Nh4 Bxg2 16. Nxg2 Rac8 17. dxc5 Rxc5 18. b3 g5 19. f3 Ne5 20. Ke2 b5
21. f4 Ng4 22. h3 Nf6 23. Rd4 e5 24. Rd2 Ne4 25. Rc2 Nxg3+ 26. Kf3 gxf4 27.
exf4 Nf5 28. Ke4 Nd4 29. Rf2 bxc4 30. fxe5 dxe5 31. Ne3 c3 32. b4 Rcc8 33. Kxe5
Nc6+ 34. Ke4 Rhe8 35. a3 Kf8+ 36. Kf4 Rcd8 37. Nf5 Ne5 38. Rc2 Ng6+ 39. Kg5 Rd5
40. Rf1 Re3 41. Kg4 Re4+ 42. Kg3 Rd3+ 43. Kh2 Ne5 44. Kg2 Nc4 45. Rf3 Rd2+ 46.
Rf2 Rf4 0-1

[Event "European Youth Chess Championship B16"]
[Site "Prague, Top Hotel Prague"]
[Date "2016.08.25"]
[Round "7.13"]
[White "Paiva, Henrique"]
[Black "Mirzoyan, David"]
[Result "1/2-1/2"]
[WhiteElo "2121"]
[BlackElo "2294"]
[PlyCount "107"]
[EventDate "2016.08.18"]

1. e4 c5 2. Nf3 d6 3. d4 cxd4 4. Nxd4 Nf6 5. Nc3 a6 6. Be2 e5 7. Nb3 Be7 8. O-O
O-O 9. Be3 Be6 10. Bf3 Nbd7 11. a4 Nb6 12. Re1 Nc4 13. Bc1 Rc8 14. a5 Qc7 15.
Qe2 h6 16. h3 Rfd8 17. Rd1 b5 18. axb6 Qxb6 19. Ra4 Qc6 20. Na5 Nxa5 21. Rxa5
Bc4 22. Qe3 Qc7 23. Ra1 Qb7 24. Ra5 Rd7 25. Be2 Bd8 26. Ra1 a5 27. Qf3 Bxe2 28.
Qxe2 Qc6 29. Qf3 Rb7 30. Rd3 Rb4 31. Re3 Qb7 32. Qe2 Bb6 33. Rg3 Nxe4 34. Nxe4
Qxe4 35. Qxe4 Rxe4 36. Bxh6 Kh7 37. Be3 Bxe3 38. fxe3 a4 39. c3 Rb8 40. Ra2 f5
41. Kf2 Rb3 42. Kf3 d5 43. Rg5 g6 44. g4 f4 45. exf4 Rxf4+ 46. Ke3 Re4+ 47. Kf3
Rb7 48. h4 Kh6 49. Kg3 Rf7 50. b4 axb3 51. Ra6 Re3+ 52. Kg2 Re2+ 53. Kg3 Re3+
54. Kg2 1/2-1/2

[Event "European Youth Chess Championship B16"]
[Site "Prague, Top Hotel Prague"]
[Date "2016.08.25"]
[Round "7.14"]
[White "Akhvlediani, Irakli"]
[Black "Schroeder, Kevin"]
[Result "0-1"]
[WhiteElo "2120"]
[BlackElo "2286"]
[PlyCount "47"]
[EventDate "2016.08.18"]

1. d4 Nf6 2. c4 e6 3. Nf3 Bb4+ 4. Bd2 a5 5. Qc2 Nc6 6. Nc3 d6 7. a3 Bxc3 8.
Bxc3 Qe7 9. e4 e5 10. d5 Nb8 11. b4 O-O 12. g3 axb4 13. axb4 Rxa1+ 14. Bxa1 Na6
15. Bc3 c6 16. dxc6 bxc6 17. Bg2 Qb7 18. O-O Nxb4 19. Bxb4 Qxb4 20. c5 Qxe4 21.
Qxe4 Nxe4 22. cxd6 f6 23. Rc1 Bd7 24. Nh4 {The game progressed to move 41, but
the continuation is unclear.} 0-1

[Event "European Youth Chess Championship B16"]
[Site "Prague, Top Hotel Prague"]
[Date "2016.08.25"]
[Round "7.15"]
[White "Adar, Idan"]
[Black "Bronstein, Or"]
[Result "0-1"]
[WhiteElo "1990"]
[BlackElo "2284"]
[PlyCount "82"]
[EventDate "2016.08.18"]

1. d4 Nf6 2. Bg5 Ne4 3. Bf4 c5 4. f3 Qa5+ 5. c3 Nf6 6. d5 Qb6 7. Bc1 d6 8. e4
g6 9. c4 Bg7 10. Ne2 O-O 11. Nec3 e6 12. Be2 Re8 13. O-O Nbd7 14. a4 exd5 15.
a5 Qc7 16. cxd5 a6 17. Be3 b5 18. axb6 Nxb6 19. Nd2 Nfxd5 20. Nxd5 Nxd5 21. Bf2
Nf4 22. Bg3 Nxe2+ 23. Qxe2 Bxb2 24. Rab1 Bd4+ 25. Kh1 a5 26. Nc4 Ba6 27. Qc2
Bxc4 28. Qxc4 Reb8 29. Rbc1 Rb4 30. Qd5 Ra6 31. Rfd1 Qb7 32. Qg5 Qb8 33. h4 a4
34. Be1 Rb2 35. h5 Ra8 36. f4 a3 37. f5 f6 38. Qg3 g5 39. Bc3 Rb3 40. Qd3 Ra4
41. Rb1 a2 0-1

[Event "European Youth Chess Championship B16"]
[Site "Prague, Top Hotel Prague"]
[Date "2016.08.25"]
[Round "7.16"]
[White "Lodici, Lorenzo"]
[Black "Danek, Daniel"]
[Result "1-0"]
[WhiteElo "2394"]
[BlackElo "1970"]
[PlyCount "59"]
[EventDate "2016.08.18"]

1. e4 c6 2. Nc3 d5 3. Nf3 Bg4 4. h3 Bxf3 5. Qxf3 Nf6 6. d3 e6 7. a3 Nbd7 8. g4
Qa5 9. Bd2 Qb6 10. g5 dxe4 11. dxe4 Ne5 12. Qg3 Nfd7 13. f4 Ng6 14. O-O-O O-O-O
15. h4 Bd6 16. h5 Ne7 17. Bh3 Qa6 18. Kb1 Nb6 19. Bc1 Na4 20. Nxa4 Qxa4 21. e5
Bc5 22. g6 hxg6 23. hxg6 fxg6 24. Bxe6+ Kb8 25. Rxh8 Rxh8 26. Rd7 Qe4 27. b4
Nf5 28. Qxg6 Bxb4 29. Qxf5 Qe1 30. axb4 1-0

[Event "European Youth Chess Championship B16"]
[Site "Prague, Top Hotel Prague"]
[Date "2016.08.25"]
[Round "7.17"]
[White "Schmidek, Emil"]
[Black "Lobanov, Sergei"]
[Result "0-1"]
[WhiteElo "2223"]
[BlackElo "2450"]
[PlyCount "114"]
[EventDate "2016.08.18"]

1. e4 c5 2. Nf3 Nc6 3. d4 cxd4 4. Nxd4 e5 5. Nb5 d6 6. c4 Be7 7. N1c3 a6 8. Na3
Nf6 9. Be2 O-O 10. Nc2 Ne8 11. Ne3 Nd4 12. O-O Nc7 13. Ned5 Nxd5 14. Nxd5 f5
15. exf5 Bxf5 16. Bd3 Rc8 17. Be3 Bxd3 18. Qxd3 Nf5 19. b3 Bg5 20. f4 Nxe3 21.
Qxe3 exf4 22. Nxf4 Qf6 23. Qe6+ Qxe6 24. Nxe6 Be3+ 25. Kh1 Rfe8 26. Nf4 Bxf4
27. Rxf4 Re2 28. Rd4 Rf8 29. h3 Rff2 30. Rg1 Rd2 31. Rxd2 Rxd2 32. a4 Rd3 33.
Rb1 Kf7 34. b4 Rd4 35. c5 Ke6 36. a5 Kd7 37. cxd6 Kc6 38. Rf1 Rxb4 39. Rf7 Rb5
40. Rxg7 Rxa5 41. Rc7+ Kb6 42. Rxh7 Rd5 43. g4 a5 44. Rh8 Rxd6 45. g5 a4 46.
Rg8 Ka7 47. g6 b5 48. Rg7+ Kb6 49. Rg8 Kb7 50. Rg7+ Kb6 51. Rg8 a3 52. g7 Rg6
53. h4 Kb7 54. Re8 a2 55. Re7+ Kb6 56. Re1 b4 57. Kh2 Rxg7 0-1

[Event "European Youth Chess Championship B16"]
[Site "Prague, Top Hotel Prague"]
[Date "2016.08.25"]
[Round "7.18"]
[White "Akdogan, Alperen"]
[Black "Pechac, Jergus"]
[Result "0-1"]
[WhiteElo "2152"]
[BlackElo "2443"]
[PlyCount "68"]
[EventDate "2016.08.18"]

1. d4 Nf6 2. Nf3 g6 3. Nbd2 d5 4. e3 Bg7 5. b4 O-O 6. c4 a5 7. b5 b6 8. Be2
Nbd7 9. Bb2 Bb7 10. O-O e6 11. Rc1 Ne4 12. Ba3 Re8 13. c5 Bf8 14. Nxe4 dxe4 15.
Nd2 Bd5 16. Qc2 f5 17. Nb1 Nf6 18. Qb2 g5 19. cxb6 cxb6 20. Nd2 f4 21. Rc2 Ra7
22. Rfc1 Rf7 23. g3 h5 24. Nc4 Bxc4 25. Rxc4 f3 26. Bf1 h4 27. Bxf8 Rexf8 28.
Rc6 hxg3 29. hxg3 Re7 30. Qc2 Qe8 31. Rc7 Qh5 32. Rxe7 Ng4 33. Bg2 Qh2+ 34. Kf1
fxg2+ 0-1

[Event "European Youth Chess Championship B16"]
[Site "Prague, Top Hotel Prague"]
[Date "2016.08.25"]
[Round "7.19"]
[White "Slovak, Kilian"]
[Black "Sousa, Andre Ventura"]
[Result "0-1"]
[WhiteElo "2142"]
[BlackElo "2411"]
[PlyCount "118"]
[EventDate "2016.08.18"]

1. e4 c5 2. Nf3 Nc6 3. d4 cxd4 4. Nxd4 g6 5. c4 Bg7 6. Be3 Nf6 7. Nc3 Ng4 8.
Qxg4 Nxd4 9. Qd1 Ne6 10. Be2 Bxc3+ 11. bxc3 Qc7 12. O-O b6 13. f4 Bb7 14. f5
Nc5 15. Bd4 f6 16. Bf3 O-O-O 17. Qe2 d6 18. a4 a5 19. Rfb1 Kb8 20. Kh1 Ka7 21.
Ra2 Rb8 22. h3 Ba6 23. Rb5 Rhc8 24. Ra3 Bxb5 25. axb5 Rb7 26. Qf2 Kb8 27. Qg3
g5 28. Qe1 Nd3 29. Qb1 Qxc4 30. Kh2 Ne5 31. Bd1 Qf1 32. Ra2 g4 33. Rf2 g3+ 34.
Kxg3 Rg8+ 35. Kh4 Nf3+ 36. Rxf3 Qxg2 37. Be3 e5 38. Qc2 Qh1 39. Rg3 Rxg3 40.
Kxg3 Rg7+ 41. Kh4 Ka7 42. Bg4 Qe1+ 43. Bf2 Qf1 44. Qd2 Rd7 45. Qe3 Qxb5 46. Be2
Qc6 47. Qd3 Kb8 48. c4 a4 49. Bf3 Ra7 50. Qa3 Kc7 51. Kg3 Qxc4 52. Qb2 Qb3 53.
Qc1+ Kb7 54. Qh6 a3 55. Kg2 Qg8+ 56. Kh2 a2 57. Qxf6 a1=Q 58. Qxd6 Qb2 59. Qd7+
Kb8 0-1